000 00466cam a2200181ua 4500
001 6899
008 140312n ii |||gr||||Z||||||asm
040 _cMAIN
082 _a658
245 _aBanijya paddhoti
_cBy Safauddin Ahmed
250 _a3rd. ed.
260 _aDibrugarh:
_bPathyaputhi prastuti samanay samiti,
_c1982.
300 _ax,175p.
653 _aGeneral management
653 _aBanijya paddhoti
700 _aAhmed,Safauddin,
_eAuthor.,
942 _cBK
999 _c6045
_d6045